Dawne państwa i ich flagi - Statystyki

Ogólne statystyki
  • Ten quiz został rozwiązany 162 razy
  • Średni wynik to 4 z 16
Statystyki odpowiedzi
Obrazkowy Odpowiedź % Poprawnych
Prusy
66%
Imperium Osmańskie
65%
Tybet
59%
III Rzesza
53%
Królestwo Polskie
26%
Cesarstwo Austrii
19%
Skonfederowane Stany Ameryki
13%
Rodezja
12%
Królestwo Włoch
11%
Litwa środkowa
9%
Czechy i Morawy
8%
Bonnie Blue
7%
Herceg Bośnia
6%
Biafra
5%
Kurlandia i Semigalia
5%
Orania
5%
Nie znaleziono quizów pasujących do podanych kryteriów
Rozkład punktacji
Procent ludzi z każdym wynikiem
Percentyl według liczby udzielonych odpowiedzi
Twoja historia wyników
Nie rozwiązałeś tego quizu